Introducción a la hematología de sangre periférica (Record no. 5523)

MARC details
000 -LEADER
campo de control de longitud fija 00904nam a2200253 i 4500
001 - NÚMERO DE CONTROL
campo de control 5523
003 - IDENTIFICADOR DE NÚMERO DE CONTROL
campo de control ES-MaACL
005 - FECHA Y HORA DE LA ÚLTIMA TRANSACCIÓN
campo de control 20231002134900.0
007 - CAMPO FIJO DE DESCRIPCIÓN FÍSICA--INFORMACIÓN GENERAL
campo de control de longitud fija t|
008 - DATOS DE LONGITUD FIJA--INFORMACIÓN GENERAL
campo de control de longitud fija 881027s1983 sp a |||| | spa d
020 ## - NÚMERO INTERNACIONAL ESTÁNDAR DEL LIBRO
Número Internacional Estándar del Libro 84-500-9473-9
080 ## - NÚMERO DE LA CLASIFICACIÓN DECIMAL UNIVERSAL
Número de la Clasificación Decimal Universal 616.15
100 1# - ENTRADA PRINCIPAL--NOMBRE DE PERSONA
Nombre de persona Bosch Millares, Carlos.
9 (RLIN) 30661
245 10 - MENCIÓN DEL TÍTULO
Título Introducción a la hematología de sangre periférica
Resto del título : el hemograma y su trascendencia hematológica /
Mención de responsabilidad, etc. Carlos Bosch Millares.
260 ## - PUBLICACIÓN, DISTRIBUCIÓN, ETC.
Lugar de publicación, distribución, etc. [Madrid] :
Nombre del editor, distribuidor, etc. Consejo General de Colegios Oficiales de Farmacéuticos,
Fecha de publicación, distribución, etc. [1983]
300 ## - DESCRIPCIÓN FÍSICA
Extensión 221 p. :
Otras características físicas il. n. y col. ;
Dimensiones 25 cm.
504 ## - NOTA DE BIBLIOGRAFÍA, ETC.
Nota de bibliografía, etc. Bibliografía: p. 219-221.
650 #4 - PUNTO DE ACCESO ADICIONAL DE MATERIA--TÉRMINO DE MATERIA
Término de materia o nombre geográfico como elemento de entrada Hematología.
9 (RLIN) 13300
710 2# - ENTRADA AGREGADA--NOMBRE DE ENTIDAD CORPORATIVA
Nombre de entidad corporativa o nombre de jurisdicción como elemento de entrada Consejo General de Colegios Oficiales de Farmacéuticos (España)
9 (RLIN) 3214
852 ## - LOCALIZACIÓN
Ubicación ES-MaACL
Número de control de estantería L-12182
itemnumber 5647
852 ## - LOCALIZACIÓN
Ubicación ES-MaACL
Número de control de estantería L-7579/Ej.1
Sublocalización o colección R.108155
itemnumber 36929
942 ## - ELEMENTOS DE ENTRADA SECUNDARIOS (KOHA)
Fuente del sistema de clasificación o colocación Clasificación decimal universal
Holdings
Estatus retirado Estado de pérdida Estado de daño No para préstamo Biblioteca de origen Biblioteca actual Ubicación en estantería Fecha de adquisición Fuente de adquisición Total de préstamos Signatura topográfica completa Código de barras Visto por última vez Precio de reemplazo Tipo de ítem Koha Fuente del sistema de clasificación o colocación Restricciones de uso
        Biblioteca del Ateneo de Madrid Biblioteca del Ateneo de Madrid Depósito 2 17/01/2008     L-12182 1005593 23/02/2023 23/02/2023 Libro impreso    
        Biblioteca del Ateneo de Madrid Biblioteca del Ateneo de Madrid Depósito 2 17/01/2008     L-7579/Ej.1 1037312 23/02/2023 23/02/2023 Libro impreso Clasificación decimal universal Duplicado